| 000 | 02044cam a22004574i 4500 | ||
|---|---|---|---|
| 003 | PE-LiUPU | ||
| 005 | 20250731172712.0 | ||
| 008 | 150617s1982 sp r 000 0 spa d | ||
| 020 | _a8428511608 | ||
| 035 | _a(Sirsi) i9788428511605 | ||
| 040 |
_aPE-LiUPU _bspa _cPE-LiUPU _erda |
||
| 049 | _aPRUA | ||
| 082 | 0 | 4 |
_a220.61 _bD89 _221 |
| 100 | 1 |
_aDuaime, Jean L., _eautor. |
|
| 245 | 1 | 3 |
_aLa biblia libro para hoy / _cJean L. Duaime. |
| 264 | 1 |
_aMadrid : _bEdiciones Paulinas, _c1982. |
|
| 300 |
_a156 páginas ; _c21 centímetros. |
||
| 336 |
_atext _2rdacontent |
||
| 337 |
_aunmediated _2rdamedia |
||
| 338 |
_avolume _2rdacarrier |
||
| 505 | 0 | _aEl pentateuco: ley de Moisés -- Las vicitudes del decálogo en el pensamiento cristiano -- El decálogo en el contexto del Antiguo Testamento -- El decálogo y el Nuevo Testamento -- El decálogo hoy -- El profeta, un hombre del Espíritu?, un hombre de la palabra -- Conclusión -- Siete exclamaciones de nuestro tiempo -- Siete preocupaciones de los sabios de la biblia -- Siete interpretaciones de la iglesia -- Es preciso no apagar la mecha que humea todavía -- Los evangelios de Jesús -- A modo de conclusión -- Contexto global -- Las contracciones de un genio? -- Y sin embargo -- Conclusión: Pequeño manual de buena fe. | |
| 526 | _aSEG42 | ||
| 526 | _aSEG41 | ||
| 526 | _aSEG40 | ||
| 526 | _aSEG39 | ||
| 526 | _aP94 | ||
| 526 | _aP87 | ||
| 526 | _aP86 | ||
| 526 | _aP85 | ||
| 526 | _aP77 | ||
| 526 | _aP76 | ||
| 526 | _aP35 | ||
| 630 |
_aBiblia _xComentarios. _91696 |
||
| 910 |
_ajck _bjvq _cjck _d20150616 |
||
| 942 |
_2ddc _cBOOK |
||
| 949 |
_a220.61 D89 _wDEWEY _c1 _i28426 _lCCODEBUL1 _mBUL _r0 _sY _tBOOK _u2015-4-21 _xTEOLOGIA _PP35 _0COMPRA _o.STAFF. Colección Teología |
||
| 994 |
_aC0 _bPEPRU |
||
| 596 | _a1 | ||
| 999 |
_a220.61 D89 _wDEWEY _c715 _i28426 _f2021-11-11 _g5 _lCCODEBUL1 _mBUL _p15.00 _r0 _sY _tBOOK _u2015-4-21 _xTEOLOGIA _PP35 _0COMPRA _o.STAFF. Colección Teología _d715 |
||
| 980 |
_81 _gALBERTO SANCHEZ Responsable de Automatización |
||